书目信息 |
| 题名: |
石油产品添加剂
|
|
| 作者: | 陈淑芬 , 张春兰 主编 | |
| 分册: | ||
| 出版信息: | 北京 化学工业出版社 2016.09 |
|
| 页数: | 191页 | |
| 开本: | 26cm | |
| 丛书名: | ||
| 单 册: | ||
| 中图分类: | TE624.8 | |
| 科图分类: | ||
| 主题词: | 石油产品--石油添加剂 | |
| 电子资源: | ||
| ISBN: | 978-7-122-27423-6 | |
| 000 | 00962nam0 2200253 450 | |
| 001 | 0120161986594 | |
| 005 | 20170324112737.60 | |
| 010 | @a978-7-122-27423-6@dCNY40.00 | |
| 100 | @a20160830d2016 em y0chiy50 ea | |
| 101 | 0 | @achi |
| 102 | @aCN@b110000 | |
| 105 | @aak z 000yy | |
| 106 | @ar | |
| 200 | 1 | @a石油产品添加剂@9shi you chan pin tian jia ji@f陈淑芬,张春兰主编 |
| 210 | @a北京@c化学工业出版社@d2016.09 | |
| 215 | @a191页@c图@d26cm | |
| 330 | @a本书详细、全面地介绍了石油产品添加剂的基本概念、发展概况;石油产品品种与添加剂的关系;石油产品添加剂的种类、作用机理和使用性能及主要品种;添加剂的复合使用及其在内燃机油、齿轮油、液压油等油品中的典型应用等内容。 | |
| 333 | @a从事润滑油和添加剂科研、生产、管理、销售及应用的人员 | |
| 606 | 0 | @a石油产品@x石油添加剂 |
| 690 | @aTE624.8@v5 | |
| 701 | 0 | @a陈淑芬@9chen shu fen@4主编 |
| 701 | 0 | @a张春兰@9zhang chun lan@4主编 |
| 801 | 0 | @aCN@b人天书店@c20160830 |
| 905 | @b980317-20@dTE624.8@e40@f4 | |
| 石油产品添加剂/陈淑芬,张春兰主编.-北京:化学工业出版社,2016.09 |
| 191页:图;26cm |
| 使用对象:从事润滑油和添加剂科研、生产、管理、销售及应用的人员 |
| ISBN 978-7-122-27423-6:CNY40.00 |
| 本书详细、全面地介绍了石油产品添加剂的基本概念、发展概况;石油产品品种与添加剂的关系;石油产品添加剂的种类、作用机理和使用性能及主要品种;添加剂的复合使用及其在内燃机油、齿轮油、液压油等油品中的典型应用等内容。 |
| ● |
| 相关链接 |
|
|
|
|
正题名:石油产品添加剂
索取号:TE624.8/40
 
预约/预借
| 序号 | 登录号 | 条形码 | 馆藏地/架位号 | 状态 | 备注 |
| 1 | 980317 | 209803177 | 第二样本阅览室/ [索取号:TE624.8/40] | 在馆 | |
| 2 | 980318 | 209803186 | 第三借阅区/ [索取号:TE624.8/40] | 在馆 | |
| 3 | 980319 | 209803195 | 第三借阅区/ [索取号:TE624.8/40] | 在馆 | |
| 4 | 980320 | 209803202 | 密集书库-化学系/ [索取号:TE624.8/40] | 在馆 |